Statistics for Harry potter anagrams

Click here to take the quiz!

General Stats

  • This quiz has been taken 194 times
  • The average score is 13 of 18

Answer Stats

HintAnswer% Correct
OnrRon
100%
eiomnerhhermione
97%
gewdihhedwig
94%
Erdffred
93%
Cilhffilch
86%
AulnLuna
82%
ragaogaragog
81%
cardodraco
81%
Eerogggeorge
80%
Skookanrschkcrookshanks
79%
ObdybDobby
74%
Espnasnape
67%
Yanpspansy
66%
RazaslaSalazar
55%
Giwipdongepigwidgeon
45%
cidorggodric
39%
Lheaghelga
35%
Warenorowena
35%

Score Distribution

Percentile by Number Answered

Percent of People with Each Score

Your Score History

You have not taken this quiz